| 000 | 00000nam##2200000za#4500 |
| 001 | 9.696163 |
| 003 | CaOODSP |
| 005 | 20250313104923 |
| 007 | cr ||||||||||| |
| 008 | 150407|2006||||xxc|||||o f|0| 0 eng|d |
| 040 | |aCaOODSP|beng |
| 043 | |an-cn--- |
| 086 | 1 |aW93-31/2006E-PDF |
| 110 | 1 |aCanada. |bNational Capital Commission. |
| 245 | 10|aCanada's Capital commemoration strategic plan |h[electronic resource] |
| 260 | |aOttawa - Ontario : |bNational Capital Commission |cJune 2006. |
| 300 | |a38p.|bcoloured figs., coloured illus., graph, photographs |
| 500 | |a"The plan is an integral part of a larger set of documents prepared by the NCC to articulate a vision for the Capital following a broad direction established for commemorations in the Plan for Canada's Capital. It notes the need to "locate commemorations where the subjects are appropriate to the nature, significance and environment of the site, and where their symbolic importance and prestige are enhanced by virtue of association with the site," as well as "to promote the under-represented themes in public art and commemorations.""--Page 3 of 38. |
| 590 | |a12-20-Supp|b2012-05-09 |
| 690 | 07|aNational Capital|2gcpds |
| 775 | 08|tPlan stratégique des monuments commémoratifs de la capitale du Canada |w(CaOODSP)9.640283 |
| 856 | 40|ahttp://publications.gc.ca|qPDF|s2.16 MB|uhttps://publications.gc.ca/collections/collection_2012/ccn-ncc/W93-31-2006-eng.pdf |